Catálogo

PALABRAS MAYORES (Registro nro. 5698)

Detalles MARC
000 -LEADER
fixed length control field 00409nam a2200169 a 4500
001 - CONTROL NUMBER
control field 5698
005 - DATE AND TIME OF LATEST TRANSACTION
control field 20180713185541.0
008 - FIXED-LENGTH DATA ELEMENTS--GENERAL INFORMATION
fixed length control field 140415s1975 000 0 spa d
041 ## - LANGUAGE CODE
Language code of text/sound track or separate title spa
082 ## - DEWEY DECIMAL CLASSIFICATION NUMBER
Classification number 863
Item number SPO
100 1# - MAIN ENTRY--PERSONAL NAME
Personal name Spota, Luis,.
245 10 - TITLE STATEMENT
Title PALABRAS MAYORES
250 ## - EDITION STATEMENT
Edition statement 7a ed.
260 ## - PUBLICATION, DISTRIBUTION, ETC.
Place of publication, distribution, etc. [s.l.] :
Name of publisher, distributor, etc. GRIJALBO,
Date of publication, distribution, etc. 1975
300 ## - PHYSICAL DESCRIPTION
Extent 383
650 14 - SUBJECT ADDED ENTRY--TOPICAL TERM
Topical term or geographic name entry element POLITICA EN LA LITERATURA
Existencias
Withdrawn status Lost status Source of classification or shelving scheme Damaged status Not for loan Collection code Home library Current library Shelving location Date acquired Source of acquisition Inventory number Total Checkouts Full call number Barcode Date last seen Date last checked out Price effective from Koha item type
    Dewey Decimal Classification     General Biblioteca Karol Wojtyla Biblioteca Karol Wojtyla Sala general 03/12/2013 Compra 151000000000000000035441   863 SPO 38842 05/01/2026 04/12/2017 03/12/2013 Libro
    Dewey Decimal Classification     General Biblioteca Karol Wojtyla Biblioteca Karol Wojtyla Sala general 03/12/2013 Compra 151000000000000000035446   863 SPO 17658 05/01/2026   03/12/2013 Libro